Sports Quiz

Random Sports or Olympics Quiz

Athletics World Championships Medal Winning Countries Quiz Stats

 Plays Quiz not verified by Sporcle

Challenge
Share
Tweet
Embed
Score 0/95 Timer 08:00
0 Plays Today
# Country % Correct
1USA
100%
8Great Britain
100%
2Russia
99.1%
4Germany
97.3%
15France
96.4%
3Kenya
95.5%
7Ethiopia
95.5%
13Italy
95.5%
17China
95.5%
19Australia
95.5%
21Spain
95.5%
24Norway
95.5%
33Japan
95.5%
6USSR
94.5%
20Sweden
94.5%
22Finland
94.5%
32Canada
93.6%
5Jamaica
92.7%
50Brazil
92.7%
28Portugal
91.8%
23South Africa
90.9%
38Mexico
90.9%
11Poland
90%
9East Germany
90%
10Cuba
89.1%
31New Zealand
89.1%
85Belgium
89.1%
12Czech Republic
88.2%
14Ukraine
88.2%
18Morocco
88.2%
36Switzerland
88.2%
42Denmark
88.2%
# Country % Correct
65Hungary
88.2%
37Ireland
87.3%
51Netherlands
87.3%
25Algeria
86.4%
=73Austria
86.4%
34Greece
85.5%
26Romania
83.6%
43Trinidad & Tobago
83.6%
=88India
83.6%
29Bulgaria
82.7%
=40Croatia
82.7%
87Serbia
82.7%
27Bahamas
81.8%
86Slovakia
81.8%
=88Latvia
81.8%
58Colombia
80.9%
16Belarus
79.1%
44Estonia
79.1%
=68Turkey
79.1%
=45Lithuania
78.2%
66Nigeria
77.3%
35Czechoslovakia
76.4%
=88Iran
75.5%
54Slovenia
74.5%
=47Uganda
71.8%
=73Israel
71.8%
=73Tunisia
71.8%
=55Panama
67.3%
=47Dominican Republic
65.5%
52Namibia
64.5%
=88Dominica
64.5%
=73Ghana
63.6%
# Country % Correct
=45Qatar
62.7%
67Kazakhstan
62.7%
=62Barbados
61.8%
=88Saudi Arabia
61.8%
=59Somalia
60.9%
39Mozambique
60%
57St Kitts & Nevis
60%
=62Grenada
59.1%
53Zambia
57.3%
=59Senegal
56.4%
=81Tanzania
56.4%
=73Cyprus
55.5%
=81Sudan
54.5%
=81Eritrea
53.6%
=40Ecuador
52.7%
=55Botswana
52.7%
=59Syria
52.7%
30Bahrain
51.8%
=70Ivory Coast
51.8%
=70Cameroon
50.9%
=88Zimbabwe
50.9%
=88Haiti
46.4%
=62North Korea
44.5%
=73Sri Lanka
41.8%
=73Burundi
37.3%
=68Djibouti
35.5%
49Tajikistan
34.5%
=73Suriname
30%
=81Bermuda
24.5%
=70Puerto Rico
17.3%
=88American Samoa
3.6%

You're not logged in!

Compare scores with friends on all Sporcle quizzes.
Join for Free
OR
Log In

You Might Also Like...

Show Comments

Extras

Top Quizzes Today


Score Distribution

Your Account Isn't Verified!

In order to create a playlist on Sporcle, you need to verify the email address you used during registration. Go to your Sporcle Settings to finish the process.

Report this User

Report this user for behavior that violates our Community Guidelines.

Details: